TEXTBOOK OF GYNECOLOGY (Record no. 11334)

MARC details
000 -LEADER
fixed length control field 00334nam a22001577a 4500
003 - CONTROL NUMBER IDENTIFIER
control field SGT
020 ## - INTERNATIONAL STANDARD BOOK NUMBER
International Standard Book Number 978-93-85891-59-5
082 ## - DEWEY DECIMAL CLASSIFICATION NUMBER
Classification number 618
Item number G16D
100 ## - MAIN ENTRY--PERSONAL NAME
Personal name DUTTA, DC
245 ## - TITLE STATEMENT
Title TEXTBOOK OF GYNECOLOGY
250 ## - EDITION STATEMENT
Edition statement 7TH
260 ## - PUBLICATION, DISTRIBUTION, ETC. (IMPRINT)
Place of publication, distribution, etc NEW DELHI
Name of publisher, distributor, etc JAYPEE PUB
Year of Publication 2016
300 ## - PAGE DESCRIPTION
No. of Pages 574
650 ## - SUBJECT ADDED ENTRY--TOPICAL TERM
Topical term or geographic name as entry element AYURVEDA
942 ## - ADDED ENTRY ELEMENTS (KOHA)
Source of classification or shelving scheme Dewey Decimal Classification
Koha item type Books
942 ## - ADDED ENTRY ELEMENTS (KOHA)
-- 10
Holdings
Withdrawn status Lost status Source of classification or shelving scheme Damaged status Not for loan Collection code Home library Current library Shelving location Date acquired Vendor Name Cost, normal purchase price SGTU Bill Number Total Checkouts Full call number Accession No. (Barcode) Date last seen Date last borrowed Bill Date Koha item type Use restrictions
    Dewey Decimal Classification     AYURVEDA SGT FA-FP Library SGT FA-FP Library Text Book 27/03/2017 AHUJA PUB 795.00 SGTU 7718 7 618 G16D FA5649 23/04/2026 09/04/2026 11/02/2017 Books  
    Dewey Decimal Classification     AYURVEDA SGT FA-FP Library SGT FA-FP Library Text Book 27/03/2017 AHUJA PUB 795.00 SGTU 7718 16 618 G16D FA5650 08/04/2026 08/04/2026 11/02/2017 Books  
    Dewey Decimal Classification     AYURVEDA SGT FA-FP Library SGT FA-FP Library Text Book 27/03/2017 AHUJA PUB 795.00 SGTU 7718 17 618 G16D FA5651 16/03/2026 10/03/2026 11/02/2017 Books  
    Dewey Decimal Classification     AYURVEDA SGT FA-FP Library SGT FA-FP Library Reference Book 27/03/2017 AHUJA PUB 795.00 SGTU 7718   618 G16D FA5652 27/03/2017   11/02/2017 Books Restricted Access
    Dewey Decimal Classification     AYURVEDA SGT FA-FP Library SGT FA-FP Library Text Book 27/03/2017 AHUJA PUB 795.00 SGTU 7718 12 618 G16D FA5653 06/10/2020 03/10/2020 11/02/2017 Books  
    Dewey Decimal Classification     AYURVEDA SGT FA-FP Library SGT FA-FP Library Text Book 27/03/2017 AHUJA PUB 795.00 SGTU 7718 16 618 G16D FA5654 01/03/2024 17/02/2024 11/02/2017 Books  
    Dewey Decimal Classification     AYURVEDA SGT FA-FP Library SGT FA-FP Library Text Book 27/03/2017 AHUJA PUB 795.00 SGTU 7718 12 618 G16D FA5655 06/01/2021 24/12/2020 11/02/2017 Books  
    Dewey Decimal Classification     AYURVEDA SGT FA-FP Library SGT FA-FP Library Text Book 27/03/2017 AHUJA PUB 795.00 SGTU 7718 12 618 G16D FA5656 01/05/2025 19/04/2025 11/02/2017 Books  
    Dewey Decimal Classification     AYURVEDA SGT FA-FP Library SGT FA-FP Library Text Book 27/03/2017 AHUJA PUB 795.00 SGTU 7718   618 G16D FA5657 27/03/2017   11/02/2017 Books  
    Dewey Decimal Classification     AYURVEDA SGT FA-FP Library SGT FA-FP Library Text Book 27/03/2017 AHUJA PUB 795.00 SGTU 7718 19 618 G16D FA5658 09/04/2025 26/03/2025 11/02/2017 Books